Területi statisztikai évkönyv 1984

Uložené v:
Podrobná bibliografia
Médium: Kniha
Jazyk:Hungarian
Vydavateľské údaje: Budapest Statisztikai Kiadó Vállalat 1986
Predmet:
Tagy: Pridať tag
Žiadne tagy, Buďte prvý, kto otaguje tento záznam!

MARC

LEADER 00000nam a2200000 4500
001 c029503
005 20250207074931.9
041 0 |a hun 
044 |a HU 
245 1 0 |a Területi statisztikai évkönyv 1984 
264 1 |a Budapest  |b Statisztikai Kiadó Vállalat  |c 1986 
300 |a 191 s. 
610 2 0 |a Maďarsko 
610 2 0 |a štatistika regionálna